Теория и практика обучения объемному изображению в сюжетном рисовании в системе начального и среднего образования (Запись № 1159182)

Подробности
000 -МАРКЕР
контрольное поле 01825nam0a2200337 4500
001 - ИДЕНТИФИКАТОР ЗАПИСИ
контрольное поле RU\NLR\bibl\506045
005 - ИДЕНТИФИКАТОР ВЕРСИИ
контрольное поле 20250609141317.0
010 ## - МЕЖДУНАРОДНЫЙ СТАНДАРТНЫЙ НОМЕР КНИГИ (ISBN)
Номер (ISBN) 5-88476-543-6
Тираж 100
021 ## - НОМЕР ГОСУДАРСТВЕННОЙ РЕГИСТРАЦИИ
Код страны Российская Федерация
Номер 2004-16849
Номер Листа государственной регистраци 865
035 ## - ДРУГИЕ СИСТЕМНЫЕ НОМЕРА
Идентификатор записи (NLR Aleph) 000498599
100 ## - ДАННЫЕ ОБЩЕЙ ОБРАБОТКИ
Данные общей обработки 20040329d2003 |||y0rusy50 ca
101 0# - ЯЗЫК РЕСУРСА
Язык текста, звукозаписи и т.д. русский
102 ## - СТРАНА ПУБЛИКАЦИИ ИЛИ ПРОИЗВОДСТВА
Страна публикации Российская Федерация
105 ## - ПОЛЕ КОДИРОВАННЫХ ДАННЫХ: ТЕКСТОВЫЕ МАТЕРИАЛЫ, МОНОГРАФИЧЕСКИЕ
Кодированные данные о монографическом текстовом документе y |||||||||
200 1# - ЗАГЛАВИЕ И СВЕДЕНИЯ ОБ ОТВЕТСТВЕННОСТИ
Основное заглавие Теория и практика обучения объемному изображению в сюжетном рисовании в системе начального и среднего образования
Сведения, относящиеся к заглавию Учеб.-метод. пособие
-- Для студентов вузов, обучающихся по специальности 030800 - Изобразительное искусство
Первые сведения об ответственности О.Р. Лагутина
Последующие сведения об ответственности М-во образования Рос. Федерации, Мурман. гос. пед. ун-т
210 ## - ПУБЛИКАЦИЯ, РАСПРОСТРАНЕНИЕ И ДР.
Место издания, распространения и т.д. Мурманск
Имя издателя, распространителя и т. д. МГПУ
Дата издания, распространения и т.д. 2003
215 ## - ФИЗИЧЕСКАЯ ХАРАКТЕРИСТИКА
Специфическое обозначение материала и объем 86 с.
Размеры 20
320 ## - ПРИМЕЧАНИЯ О НАЛИЧИИ В ДОКУМЕНТЕ БИБЛИОГРАФИИ / УКАЗАТЕЛЯ
Текст примечания Библиогр.: с. 78-85
606 0# - НАИМЕНОВАНИЕ ТЕМЫ КАК ПРЕДМЕТ
Наименование темы Рисование
Тематический подзаголовок Методика преподавания
-- Начальная школа
Системный номер авторитетной/нормативной записи 930229
Идентификатор авторитетной/нормативной записи RU\NLR\auth\66342370
606 0# - НАИМЕНОВАНИЕ ТЕМЫ КАК ПРЕДМЕТ
Наименование темы Рисование
Тематический подзаголовок Преподавание
-- Начальная школа
Системный номер авторитетной/нормативной записи 2210630
Идентификатор авторитетной/нормативной записи RU\NLR\auth\661327964
606 0# - НАИМЕНОВАНИЕ ТЕМЫ КАК ПРЕДМЕТ
Наименование темы Рисование
Тематический подзаголовок Методика преподавания
-- Средняя школа
Системный номер авторитетной/нормативной записи 1516545
Идентификатор авторитетной/нормативной записи RU\NLR\auth\66960776
606 0# - НАИМЕНОВАНИЕ ТЕМЫ КАК ПРЕДМЕТ
Наименование темы Рисование
Тематический подзаголовок Преподавание
-- Средняя школа
Системный номер авторитетной/нормативной записи 1516640
Идентификатор авторитетной/нормативной записи RU\NLR\auth\66960834
686 ## - ИНДЕКСЫ ДРУГИХ КЛАССИФИКАЦИЙ
Индекс Ч426.64-2
700 #1 - ИМЯ ЛИЦА - ПЕРВИЧНАЯ ОТВЕТСТВЕННОСТЬ
Начальный элемент ввода Лагутина
Часть имени, кроме начального элемента ввода О. Р.
Расширение инициалов личного имени Ольга Рудольфовна
Код отношения Автор
801 #0 - ИСТОЧНИК ЗАПИСИ
Страна Российская Федерация
Организация NLR
Дата составления 20040329
Правила каталогизации PSBO
801 #1 - ИСТОЧНИК ЗАПИСИ
Страна Российская Федерация
Организация NLR
Дата составления 20040329
942 ## - ДОПОЛНИТЕЛЬНЫЕ ЭЛЕМЕНТЫ ЗАПИСИ (АБИС)
Тип экземпляра АБИС Книга
980 ## - КОЛЛЕКЦИЯ
Название коллекции Национальная библиография
980 ## - КОЛЛЕКЦИЯ
Название коллекции НБР
Экземпляры
Тип экземпляра Дата поступления Источник поступления Библиотека постоянного хранения Библиотека текущего хранения Место хранения Шифр хранения Штрих-код Статус экземпляра
Книга 29.03.2004 Контрольный экземпляр из типографии РНБ (Московский) РНБ (Московский) Русский книжный фонд: издания с 1957 года 2004-4/6543 661846  
Книга 29.03.2004 Подсобные фонды РНБ РНБ (Московский) РНБ (Московский) Русский книжный фонд: издания с 1957 года 2004-4/6543 661848  
Книга 11.05.2004 Обязательный экземпляр РНБ (Московский) РНБ (Московский) Обменный фонд   683645  
Книга 11.05.2004 Обязательный экземпляр РНБ (Московский) РНБ (Московский) Обменный фонд   683646